The two worlds of William March /

Bibliographic Details
Main Author: Simmonds, Roy S.
Format: eBook
Language:English
Published: [University, Ala.] : University of Alabama Press, [1984]
Subjects:
Online Access:Connect to the full text of this electronic book

MARC

Tag First Indicator Second Indicator Subfields
LEADER 00000pam a22000004a 4500
001 in00003369749
006 m d
007 cr |||||||nn|n
008 830111s1984 alu o d eng d
005 20260608210631.6
010 |z  83001100  
020 |a 9780817385873 
020 |z 0817301674 
020 |z 9780817356873 
035 |a (MdBmJHUP)muse9780817385873 
040 |a MdBmJHUP  |c MdBmJHUP  |d UtOrBLW 
050 0 0 |a PS3505.A53157  |b Z85 1984 
082 0 0 |a 813/.52  |a B  |2 19 
100 1 |a Simmonds, Roy S. 
245 1 4 |a The two worlds of William March /  |c Roy S. Simmonds. 
264 1 |a [University, Ala.] :  |b University of Alabama Press,  |c [1984] 
264 4 |c ©1984 
300 |a 1 online resource (xviii, 367 pages :) :  |b portrait 
336 |a text  |b txt  |2 rdacontent 
337 |a computer  |b c  |2 rdamedia 
338 |a online resource  |b cr  |2 rdacarrier 
500 |a Includes index. 
504 |a Bibliography: pages 349-351. 
588 |a Description based on print version record. 
500 |a Electronic resource. 
600 1 0 |a March, William,  |d 1893-1954. 
650 0 |a Novelists, American  |y 20th century  |v Biography. 
655 7 |a Electronic books.  |2 local 
856 4 0 |u http://proxy.library.tamu.edu/login?url=https://muse.jhu.edu/books/9780817385873/  |z Connect to the full text of this electronic book  |t 0 
999 |a MARS 
999 f f |s 4733060d-bab1-3f3c-8b95-c52c51742e55  |i eb839499-5861-35ab-b5a0-9714c015c679  |t 0 
952 f f |a Texas A&M University  |b College Station  |c Electronic Resources  |s www_evans  |d Available Online  |t 0  |e PS3505.A53157 Z85 1984  |h Library of Congress classification 
998 f f |a PS3505.A53157 Z85 1984  |t 0  |l Available Online